000 00522nam a2200193Ia 4500
003 GCL
008 140319s9999 xx 000 0 eng d
040 _aGCL /
_cGCL
082 0 4 _a946.02
_bJ L
100 1 _aJAYYUSI, SALAM KHADRA
245 1 0 _aTHE LEGACY OF MUSLIM SPAIN /
_cJAYYUSI, SALAM KHADRA
700 1 _aMARIN, MANUELA
260 _a[S.N] :
_bE. J. BRILL ،
_c1992
300 _a1098 P
650 0 4 _aSPAIN - CIVILIZATION
650 0 4 _aANDALUSIA - CIVILIZATION
650 0 4 _aMUSLIM - SPAIN
942 _2ddc
_cBK
999 _c14228
_d14228